[Event "World Amateur-ch U2300"]
[Site "Muscat"]
[Date "2023.11.09"]
[Round "8"]
[White "Barrientos, Ernesto"]
[Black "Nsubuga, Haruna"]
[Result "1-0"]
[WhiteElo "2014"]
[BlackElo "2118"]
[PlyCount "154"]
[EventDate "2023.11.02"]
[EventType "swiss"]
[EventRounds "9"]
[EventCountry "OMN"]
[SourceTitle "CB46_2023"]
[SourceDate "2023.11.15"]
[SourceVersion "1"]
[SourceVersionDate "2023.11.15"]
[SourceQuality "1"]

1. e4 c6 2. d4 d5 3. e5 c5 4. Nf3 cxd4 5. Nxd4 Nc6 6. Nxc6 bxc6 7. Bd3 Ba6 8. e6 fxe6 9. Qh5+ Kd7 10. Bxa6 Qa5+ 11. Nc3 Qxa6 12. Bf4 Nf6 13. Qe5 Ng4 14. Qg5 Nh6 15. 0-0-0 Nf7 16. Qg4 g5 17. Rhe1 Ke8 18. Qxe6 Qc8 19. Nxd5 cxd5 20. Qxd5 a6 21. Bc7 Bg7 22. Re6 Kf8 23. Rde1 Bf6 24. Bb6 Rb8 25. Bc5 Kg7 26. Rxe7 Bxb2+ 27. Kd1 Rf8 28. Rd7 Bf6 29. Bxf8+ Qxf8 30. Ke2 Rb5 31. Qd3 Qb8 32. g3 Qa8 33. f3 g4 34. Rf1 Re5+ 35. Kd1 Qb8 36. Qc4 Qe8 37. Qxg4+ Rg5 38. Qh3 Rb5 39. Rd3 Ne5 40. Rb3 Nc4 41. Qg4+ Bg5 42. Qxc4 Qd7+ 43. Rd3 Qe7 44. Qd4+ Bf6 45. Qg4+ Kf8 46. Qc8+ Kg7 47. Rd7 Rb1+ 48. Kd2 Rxf1 49. Rxe7+ Bxe7 50. Qg4+ Kf8 51. Qc8+ Kg7 52. Qb7 Kf8 53. Qxa6 Rf2+ 54. Kd3 Rxf3+ 55. Kc4 Rf2 56. Qh6+ Kg8 57. Kd3 Rf6 58. Qg5+ Kf8 59. Qa5 Rf2 60. c4 Rxh2 61. Ke4 h5 62. c5 h4 63. gxh4 Rxh4+ 64. Kd3 Rh3+ 65. Kc4 Rh4+ 66. Kd3 Rh3+ 67. Ke4 Rh4+ 68. Kf3 Rc4 69. Qa8+ Kg7 70. c6 Kf7 71. Qc8 Rc3+ 72. Ke4 Rc4+ 73. Kd3 Rc1 74. c7 Kf6 75. Qh8+ Kf7 76. c8Q Rd1+ 77. Ke2 Rd6 1-0

[Event "World Amateur-ch U2300"]
[Site "Muscat"]
[Date "2023.11.07"]
[Round "6"]
[White "Asanakunov, Zhumagazy"]
[Black "Nsubuga, Haruna"]
[Result "1/2-1/2"]
[WhiteElo "1982"]
[BlackElo "2118"]
[PlyCount "209"]
[EventDate "2023.11.02"]
[EventType "swiss"]
[EventRounds "9"]
[EventCountry "OMN"]
[SourceTitle "CB46_2023"]
[SourceDate "2023.11.15"]
[SourceVersion "1"]
[SourceVersionDate "2023.11.15"]
[SourceQuality "1"]

1. d4 Nf6 2. Bf4 c5 3. e3 e6 4. c3 d5 5. Nd2 Bd6 6. Bg3 0-0 7. Bd3 Nc6 8. Ngf3 g6 9. 0-0 Bxg3 10. hxg3 Qd6 11. dxc5 Qxc5 12. e4 e5 13. exd5 Qxd5 14. Bc4 Qd6 15. Qe1 Be6 16. Bb5 Ng4 17. Bxc6 bxc6 18. Qe2 Rad8 19. Ne4 Qe7 20. b4 Bd5 21. Nc5 f5 22. Rfe1 e4 23. Nd4 Rfe8 24. Nc2 Qg7 25. Ne3 Qxc3 26. Nxg4 fxg4 27. a3 h5 28. Qe3 Qf6 29. a4 h4 30. b5 Re7 31. Nd3 hxg3 32. fxg3 Rh7 33. Nf2 Rf8 34. bxc6 Bxc6 35. Nxg4 Qe6 36. Nf2 Rhf7 37. Nh3 Qg4 38. Rac1 Bxa4 39. Rc4 Rf3 40. Qg5 Qxg5 41. Nxg5 Rf1+ 42. Rxf1 Rxf1+ 43. Kh2 e3 44. Re4 Rf5 45. Nh3 Bc2 46. Rxe3 a5 47. Nf4 a4 48. Nxg6 Ra5 49. Ne7+ Kf7 50. Nc6 Ra6 51. Nd4 Bg6 52. Ra3 Kf6 53. Nb5 Ke5 54. Kg1 Rb6 55. Rxa4 Rxb5 56. Ra2 Kf5 57. Kh2 Kg4 58. Ra4+ Kg5 59. Ra2 Bf5 60. Rd2 Re5 61. Rf2 Re3 62. Rf4 Re2 63. Kg1 Bd3 64. Rf2 Re1+ 65. Kh2 Be4 66. Ra2 Bd5 67. Rd2 Be6 68. Rb2 Kf5 69. Rf2+ Ke5 70. Rb2 Bd5 71. Rc2 Ke4 72. Rd2 Bc4 73. Rc2 Be2 74. Rc7 Ra1 75. Re7+ Kd3 76. Rd7+ Ke3 77. Re7+ Kd2 78. Rd7+ Bd3 79. Re7 Bf5 80. Re5 Rf1 81. Re8 Bg4 82. Re4 Be2 83. Re8 Ke1 84. Re4 Rf8 85. Rf4 Rh8+ 86. Rh4 Rg8 87. Rf4 Re8 88. Rd4 Bf1 89. g4 Re2 90. Kg3 Rxg2+ 91. Kf4 Be2 92. Kf5 Kf2 93. g5 Ke3 94. Re4+ Kf3 95. Rxe2 Rxe2 96. g6 Rg2 97. Kf6 Kg4 98. g7 Kh5 99. Kf7 Rf2+ 100. Ke7 Re2+ 101. Kf7 Rf2+ 102. Ke7 Re2+ 103. Kf7 Rg2 104. g8Q Rxg8 105. Kxg8 1/2-1/2

[Event "World Amateur-ch U2300"]
[Site "Muscat"]
[Date "2023.11.03"]
[Round "2"]
[White "Aldar, Burentegsh"]
[Black "Nsubuga, Haruna"]
[Result "1-0"]
[WhiteElo "1927"]
[BlackElo "2118"]
[PlyCount "119"]
[EventDate "2023.11.02"]
[EventType "swiss"]
[EventRounds "9"]
[EventCountry "OMN"]
[SourceTitle "CB46_2023"]
[SourceDate "2023.11.15"]
[SourceVersion "1"]
[SourceVersionDate "2023.11.15"]
[SourceQuality "1"]

1. d4 d5 2. c4 c6 3. Nc3 e6 4. Nf3 Nd7 5. g3 dxc4 6. a4 Ngf6 7. Bg2 Bb4 8. 0-0 0-0 9. Nd2 Nb6 10. a5 Nbd5 11. Nxc4 Bxc3 12. bxc3 Nxc3 13. Qc2 Qxd4 14. Ra3 Nfd5 15. Nd6 Qe5 16. Nxc8 Nxe2+ 17. Kh1 Nxc1 18. a6 b5 19. Re3 Nxe3 20. Ne7+ Kh8 21. fxe3 Qd6 22. Nxc6 Nd3 23. Qd2 Rac8 24. Nxa7 Rc5 25. Ra1 Rf5 26. Nxb5 Rxb5 27. a7 g6 28. a8Q Rxa8 29. Rxa8+ Kg7 30. Ra1 Rb2 31. Qc3+ Kh6 32. Kg1 Re2 33. Bf1 Rxe3 34. Qd2 Qd4 35. Ra4 Qe5 36. Bxd3 Qg5 37. Rf4 Re5 38. Qf2 f5 39. Qd4 Qf6 40. Rh4+ Kg7 41. Qd7+ Kg8 42. Rc4 Qf7 43. Qc8+ Qf8 44. Qb7 Rc5 45. Qb6 Rxc4 46. Qxe6+ Kg7 47. Qxc4 h5 48. Qd4+ Kh7 49. Kf2 Qe7 50. Bb5 Qa3 51. Bc4 Qc1 52. Qa7+ Kh8 53. Qb8+ Kg7 54. Qe5+ Kh7 55. Qe7+ Kh6 56. Qe3+ Qxe3+ 57. Kxe3 Kg5 58. h4+ Kg4 59. Kf2 f4 60. Be6# 1-0

[Event "World Amateur-ch U2300"]
[Site "Muscat"]
[Date "2023.11.02"]
[Round "1"]
[White "Nsubuga, Haruna"]
[Black "Carreras Mendiolea, Paulina Adriana"]
[Result "1-0"]
[WhiteElo "2118"]
[BlackElo "1744"]
[PlyCount "73"]
[EventDate "2023.11.02"]
[EventType "swiss"]
[EventRounds "9"]
[EventCountry "OMN"]
[SourceTitle "CB46_2023"]
[SourceDate "2023.11.15"]
[SourceVersion "1"]
[SourceVersionDate "2023.11.15"]
[SourceQuality "1"]

1. d4 Nf6 2. Nf3 g6 3. g3 Bg7 4. Bg2 d5 5. c4 dxc4 6. Qa4+ Bd7 7. Qxc4 Bc6 8. Ne5 Bd5 9. Qa4+ c6 10. f3 0-0 11. Nc3 Be6 12. e4 b5 13. Qd1 Qb6 14. a4 a5 15. axb5 cxb5 16. Qd3 b4 17. Na4 Qa6 18. Qxa6 Nxa6 19. d5 Bc8 20. Nc6 Nd7 21. Nxe7+ Kh8 22. Be3 Bb7 23. 0-0-0 Rfe8 24. d6 Be5 25. Bh3 f5 26. Bf1 fxe4 27. f4 Bg7 28. Bb5 Red8 29. Bxd7 Rxd7 30. Nb6 Rxe7 31. dxe7 Re8 32. Rd8 Bc6 33. Rhd1 Kg8 34. R1d6 Bb5 35. Rxe8+ Bxe8 36. Nd5 Nb8 37. Rd8 1-0

[Event "Nairobi op"]
[Site "Nairobi"]
[Date "2023.04.09"]
[Round "8"]
[White "Nsubuga, Haruna"]
[Black "Meskovs, Nikita"]
[Result "0-1"]
[WhiteElo "2226"]
[BlackElo "2585"]
[PlyCount "92"]
[EventDate "2023.04.06"]
[EventType "swiss"]
[EventRounds "9"]
[EventCountry "KEN"]
[SourceTitle "EXT 2024"]
[Source "ChessBase"]
[SourceDate "2023.10.10"]
[SourceVersion "1"]
[SourceVersionDate "2023.10.10"]
[SourceQuality "1"]

1. e4 c5 2. Nf3 Nc6 3. d3 g6 4. g3 Bg7 5. Bg2 e6 6. 0-0 Nge7 7. Re1 d6 8. c3 e5 9. Bg5 h6 10. Be3 0-0 11. d4 exd4 12. cxd4 Bg4 13. dxc5 Bxb2 14. Nbd2 Bg7 15. Nb1 Bb2 16. Nbd2 Bxa1 17. Qxa1 Kh7 18. cxd6 Qxd6 19. e5 Qa3 20. Ne4 Be6 21. Qb1 Kg7 22. Qa1 Kh7 23. Qb1 Kg7 24. h4 b6 25. h5 Rad8 26. hxg6 fxg6 27. Nf6 Rh8 28. Nh4 Qb4 29. Qc1 Nd4 30. Be4 Qc5 31. Bxd4 Qxd4 32. Bxg6 Nxg6 33. Nh5+ Kf7 34. Nxg6 Kxg6 35. Nf4+ Kf7 36. Nxe6 Kxe6 37. Qc6+ Ke7 38. Qf6+ Kd7 39. Rc1 Rhf8 40. Qg7+ Ke8 41. Qg6+ Ke7 42. Rc7+ Rd7 43. Qg7+ Rf7 44. Rxd7+ Qxd7 45. Qxh6 Qd1+ 46. Kg2 Qf3+ 0-1

[Event "Kampala Kireka op 6th"]
[Site "Kampala"]
[Date "2022.12.28"]
[Round "2"]
[White "Nsubuga, Haruna"]
[Black "Micheal, Ajak Gai"]
[Result "1-0"]
[WhiteElo "2146"]
[BlackElo "1670"]
[PlyCount "43"]
[EventDate "2022.12.28"]
[EventType "swiss"]
[EventRounds "8"]
[EventCountry "UGA"]
[SourceTitle "EXT 2024"]
[Source "ChessBase"]
[SourceDate "2023.10.10"]
[SourceVersion "1"]
[SourceVersionDate "2023.10.10"]
[SourceQuality "1"]

1. d4 d5 2. Nf3 Nf6 3. g3 Nc6 4. Bg2 Bf5 5. 0-0 e6 6. c4 dxc4 7. Nc3 Nd5 8. Nh4 Bg6 9. e4 Nb6 10. d5 Ne5 11. f4 Bc5+ 12. Kh1 Nd3 13. f5 Nf2+ 14. Rxf2 Bxf2 15. Qf3 Bd4 16. fxg6 hxg6 17. dxe6 Qf6 18. exf7+ Kxf7 19. Bf4 Rae8 20. e5 Bxe5 21. Ne4 Qxf4 22. gxf4 1-0

[Event "Mombasa op"]
[Site "Shanzu"]
[Date "2022.10.08"]
[Round "2"]
[White "Nsubuga, Haruna"]
[Black "Kipngetich, Timothy"]
[Result "1-0"]
[WhiteElo "2165"]
[BlackElo "1686"]
[PlyCount "57"]
[EventDate "2022.10.08"]
[EventType "swiss"]
[EventRounds "6"]
[EventCountry "KEN"]
[SourceTitle "EXT 2024"]
[Source "ChessBase"]
[SourceDate "2023.10.10"]
[SourceVersion "1"]
[SourceVersionDate "2023.10.10"]
[SourceQuality "1"]

1. d4 d5 2. Nf3 Nf6 3. g3 e6 4. Bg2 c5 5. e3 b6 6. 0-0 Be7 7. c4 0-0 8. Ne5 Nbd7 9. Nc6 Qe8 10. cxd5 exd5 11. Nc3 Ba6 12. Re1 Rc8 13. Nxa7 Rc7 14. Nab5 Rc8 15. a4 Bb7 16. b3 Qd8 17. Bb2 c4 18. bxc4 Rxc4 19. Qe2 Qa8 20. e4 Rfc8 21. e5 Ne4 22. Nxe4 dxe4 23. Bxe4 Bxe4 24. Qxe4 Qxe4 25. Rxe4 Nc5 26. dxc5 Rxe4 27. cxb6 Bc5 28. Rc1 h6 29. Rxc5 1-0

[Event "Olympiad-44"]
[Site "Chennai"]
[Date "2022.08.01"]
[Round "4.4"]
[White "Nsubuga, Haruna"]
[Black "Santos, Jose Guilherme B Li"]
[Result "0-1"]
[WhiteElo "2160"]
[BlackElo "2361"]
[PlyCount "78"]
[EventDate "2022.07.29"]
[EventType "team-swiss"]
[EventRounds "11"]
[EventCountry "IND"]
[SourceTitle "CBM 210"]
[Source "ChessBase"]
[SourceDate "2022.10.31"]
[SourceVersion "1"]
[SourceVersionDate "2022.10.31"]
[SourceQuality "1"]
[WhiteTeam "Uganda"]
[BlackTeam "Portugal"]
[WhiteTeamCountry "UGA"]
[BlackTeamCountry "POR"]

1. d4 Nf6 2. c4 e6 3. a3 d5 4. e3 Be7 5. Nc3 0-0 6. cxd5 exd5 7. Bd3 c5 8. Nge2 Nc6 9. Bc2 Bg4 10. f3 Bh5 11. dxc5 Bxc5 12. b4 Bb6 13. Nb5 Re8 14. Kf2 Ne5 15. Nbd4 Neg4+ 16. fxg4 Nxg4+ 17. Ke1 Nxe3 18. Bxe3 Rxe3 19. Nf3 Bxf3 20. gxf3 Qh4+ 21. Kd2 Rae8 22. Re1 Qc4 23. Kc1 Rxe2 24. Rxe2 Rxe2 25. Ra2 Rf2 26. Rb2 Rf1 27. Rb3 Rxd1+ 28. Kxd1 Qf1+ 29. Kd2 Qf2+ 30. Kc1 Be3+ 31. Kb1 Bd4 32. Rd3 Qf1+ 33. Rd1 Qc4 34. Rd3 g6 35. Kc1 Qa2 36. a4 Qa1+ 37. Kd2 Kg7 38. b5 Bb6 39. Bd1 Qb2+ 0-1

[Event "Kampala Kantinti Zabasajja Memorial"]
[Site "Kampala"]
[Date "2022.02.02"]
[Round "7"]
[White "Kamoga, Rajab"]
[Black "Nsubuga, Haruna"]
[Result "1-0"]
[WhiteElo "2050"]
[BlackElo "2161"]
[PlyCount "43"]
[EventDate "2022.01.30"]
[EventType "swiss"]
[EventRounds "8"]
[EventCountry "UGA"]
[SourceTitle "EXT 2023"]
[Source "ChessBase"]
[SourceDate "2022.10.05"]
[SourceVersion "1"]
[SourceVersionDate "2022.10.05"]
[SourceQuality "1"]

1. c4 c5 2. Nc3 Nc6 3. Nf3 g6 4. e3 d6 5. d4 cxd4 6. exd4 Bg4 7. Be2 Bg7 8. Be3 Nh6 9. d5 Bxf3 10. Bxf3 Ne5 11. Be2 0-0 12. f4 Nd7 13. Bd4 Bxd4 14. Qxd4 Qb6 15. Qxb6 Nxb6 16. Bd3 Ng4 17. b3 a5 18. h3 Nf6 19. Kd2 a4 20. Nxa4 Nxa4 21. bxa4 Rxa4 22. Rhb1 1-0

[Event "Kampala Kantinti Zabasajja Memorial"]
[Site "Kampala"]
[Date "2022.01.31"]
[Round "3"]
[White "Nsubuga, Haruna"]
[Black "Obita, Francis"]
[Result "1-0"]
[WhiteElo "2161"]
[BlackElo "1691"]
[PlyCount "37"]
[EventDate "2022.01.30"]
[EventType "swiss"]
[EventRounds "8"]
[EventCountry "UGA"]
[SourceTitle "EXT 2023"]
[Source "ChessBase"]
[SourceDate "2022.10.05"]
[SourceVersion "1"]
[SourceVersionDate "2022.10.05"]
[SourceQuality "1"]

1. d4 Nf6 2. Nf3 d5 3. Bf4 e6 4. e3 c5 5. c4 Nc6 6. Nc3 cxd4 7. exd4 dxc4 8. Bxc4 Bb4 9. 0-0 Bxc3 10. bxc3 0-0 11. Bg5 a6 12. a4 b6 13. Rb1 Rb8 14. Qe2 a5 15. Ne5 Na7 16. Ng4 Nc6 17. Bd3 Kh8 18. Nxf6 gxf6 19. Qh5 1-0

[Event "Kampala Rwabushenyi Memorial"]
[Site "Kampala"]
[Date "2021.12.02"]
[Round "2"]
[White "Angolikin, Goretti"]
[Black "Nsubuga, Haruna"]
[Result "0-1"]
[WhiteElo "1633"]
[BlackElo "2099"]
[PlyCount "64"]
[EventDate "2021.12.02"]
[EventType "swiss"]
[EventRounds "8"]
[EventCountry "UGA"]
[SourceTitle "EXT 2023"]
[Source "ChessBase"]
[SourceDate "2022.10.05"]
[SourceVersion "1"]
[SourceVersionDate "2022.10.05"]
[SourceQuality "1"]

1. e4 c6 2. d4 d5 3. e5 Bf5 4. Bd3 Bxd3 5. Qxd3 e6 6. Ne2 c5 7. c3 Nc6 8. 0-0 Qb6 9. Kh1 Rc8 10. a3 c4 11. Qh3 Nge7 12. f4 g6 13. Nd2 Na5 14. Rb1 h5 15. Nf3 Nf5 16. Nh4 Bxa3 17. Nxf5 gxf5 18. Ng3 h4 19. Nxf5 exf5 20. Qxf5 Qe6 21. Qxe6+ fxe6 22. bxa3 Rh5 23. Be3 Nb3 24. Rf3 Rc6 25. Rb2 Ra6 26. Ra2 Kf7 27. g4 hxg3 28. Rxg3 Rh4 29. Rf3 Kg6 30. f5+ exf5 31. Rg2+ Kf7 32. Rxf5+ Ke7 0-1